[Event "II Festival Dioscuri A"]
[Site "Agrigento ITA"]
[Date "2009.11.15"]
[Round "5"]
[White "Reina, Giuseppe"]
[Black "Grech, Gerlando"]
[Result "1/2-1/2"]
[WhiteElo "1812"]
[BlackElo "1972"]
[PlyCount "118"]
[EventDate "2009.11.13"]

1. d4 Nf6 2. c4 g6 3. Nc3 Bg7 4. e4 d6 5. Be2 O-O 6. Nf3 e5 7. d5 Nbd7 8. Bg5
h6 9. Bh4 g5 10. Bg3 Nc5 11. Nd2 a5 12. O-O Nh7 13. Bg4 Nxe4 14. Ndxe4 f5 15.
Bh5 fxe4 16. Nxe4 Nf6 17. Bg6 Nxe4 18. Bxe4 Qf6 19. b3 Bf5 20. Qc2 Bxe4 21.
Qxe4 h5 22. f3 h4 23. Be1 a4 24. b4 Qf4 25. Bc3 g4 26. Rae1 g3 27. Qxf4 Rxf4
28. Re4 Rxe4 29. fxe4 Bh6 30. hxg3 hxg3 31. Rf3 Bf4 32. Be1 Kg7 33. Bxg3 Bd2
34. b5 Bb4 35. Bh4 c6 36. bxc6 bxc6 37. Bf6+ Kg6 38. Be7 cxd5 39. cxd5 Rc8 40.
Kh2 Rc4 41. Rf6+ Kg7 42. Re6 Rxe4 43. Bxd6 Bxd6 44. Rxd6 Re2 45. Re6 Rxa2 46.
Rxe5 Kf6 47. Re6+ Kf7 48. Ra6 a3 49. Kh3 Ra1 50. Kg4 a2 51. g3 Ke7 52. d6+ Kd7
53. Kg5 Kd8 54. Ra7 Kc8 55. d7+ Kd8 56. g4 Ke7 57. Kg6 Rg1 58. Rxa2 Rxg4+ 59.
Kf5 Rd4 1/2-1/2

[Event "II Festival Dioscuri A"]
[Site "Agrigento ITA"]
[Date "2009.11.15"]
[Round "5"]
[White "Rosolia, Giuseppe"]
[Black "La Bella, Roberto"]
[Result "0-1"]
[WhiteElo "1894"]
[BlackElo "2097"]
[PlyCount "78"]
[EventDate "2009.11.13"]

1. Nf3 d5 2. d3 Nf6 3. Nbd2 Nc6 4. e4 e5 5. Be2 Bc5 6. O-O O-O 7. c3 a5 8. Qc2
Qe7 9. h3 h6 10. Re1 Be6 11. Bf1 Rfe8 12. a4 Rad8 13. exd5 Nxd5 14. Ne4 Bb6 15.
Nh2 f5 16. Ng3 Qd6 17. b3 Qc5 18. c4 Ndb4 19. Qe2 Nd4 20. Qxe5 Ndc2 21. Qxc5
Bxc5 22. Bb2 Nxa1 23. Rxa1 Nxd3 24. Bxd3 Rxd3 25. Be5 c6 26. Nf3 Red8 27. Ra2
Rxb3 28. Nh5 Bf8 29. Bc7 Rd1+ 30. Kh2 Bxc4 31. Ne5 Bd5 32. Re2 Rbb1 33. Ng6 Rg1
34. Kg3 Rxg2+ 35. Kh4 Rxg6 36. Re8 Rh1 37. f3 Bxf3 38. Bh2 b5 39. axb5 Rxh2 0-1

[Event "V Open I Like Elo"]
[Site "Roma ITA"]
[Date "2009.09.16"]
[Round "1"]
[White "Capitani, Roberto"]
[Black "Roberti, Bruno"]
[Result "0-1"]
[WhiteElo "1572"]
[BlackElo "1947"]
[PlyCount "55"]
[EventDate "2009.09.16"]

1. e4 e5 2. Nf3 Nc6 3. Bb5 Nf6 4. Nc3 Bd6 5. O-O O-O 6. d3 h6 7. Be3 Re8 8. h3
a6 9. Bxc6 dxc6 10. a3 c5 11. Na4 b6 12. c4 Bb7 13. Nc3 Bf8 14. Nh4 Nxe4 15.
Qg4 Ng5 16. Nf5 g6 17. Ng3 Bc8 18. Qe2 f5 19. f4 exf4 20. Rxf4 Bd6 21. Nge4
Bxf4 22. Bxf4 fxe4 23. h4 exd3 24. Qd2 Qd4+ 25. Kh1 Ne4 26. Re1 Nxd2 27. Rxe8+
Kf7 28. Rh8 0-1

[Event "V Open I Like Elo"]
[Site "Roma ITA"]
[Date "2009.09.16"]
[Round "1"]
[White "Castillo, Juan"]
[Black "Castelfranchi, Carlo"]
[Result "1-0"]
[WhiteElo "1724"]
[BlackElo "2115"]
[PlyCount "83"]
[EventDate "2009.09.16"]

1. b3 Nf6 2. Bb2 g6 3. Nf3 Bg7 4. e3 d5 5. d4 O-O 6. Nbd2 Bf5 7. Be2 Ne4 8. Nh4
e6 9. Nxf5 exf5 10. Nxe4 fxe4 11. c4 c5 12. O-O Re8 13. cxd5 Qxd5 14. Bc4 Qg5
15. Qc2 Nc6 16. dxc5 Bxb2 17. Qxb2 Qxc5 18. Rfd1 Ne5 19. Rac1 Qe7 20. Be2 Red8
21. Qc2 Nc6 22. a4 Rac8 23. h3 Nd4 24. Qb2 Rxc1 25. Rxc1 Nxe2+ 26. Qxe2 Qa3 27.
Qc4 Qb2 28. Qc2 Qxc2 29. Rxc2 Rd3 30. b4 Rd1+ 31. Kh2 Rd7 32. Kg3 Kg7 33. Kf4
f5 34. g4 Rf7 35. Ke5 Re7+ 36. Kd6 Kf6 37. g5+ Kf7 38. Rc7 Rxc7 39. Kxc7 h6 40.
h4 hxg5 41. hxg5 f4 42. Kxb7 1-0

[Event "V Open I Like Elo"]
[Site "Roma ITA"]
[Date "2009.09.16"]
[Round "1"]
[White "D'Andrea, Carlo"]
[Black "Bartoloni, Mario"]
[Result "1-0"]
[WhiteElo "1943"]
[BlackElo "1548"]
[PlyCount "81"]
[EventDate "2009.09.16"]

1. e4 g6 2. f4 d6 3. Nf3 Nf6 4. Nc3 c6 5. d4 Bg7 6. Bd3 Bg4 7. Be3 e6 8. h3
Bxf3 9. Qxf3 O-O 10. O-O-O e5 11. dxe5 dxe5 12. Bc4 Qc7 13. fxe5 Qxe5 14. Bd4
Qg5+ 15. Kb1 Nbd7 16. h4 Qg4 17. Qxg4 Nxg4 18. Bxg7 Ne3 19. Bxf8 Nxd1 20. Rxd1
Nxf8 21. Rf1 Ne6 22. Kc1 Kg7 23. Bxe6 fxe6 24. e5 Rd8 25. Rf6 Rd4 26. g3 Rg4
27. Rxe6 Kf7 28. Rf6+ Ke7 29. Rf3 Ke6 30. Re3 g5 31. hxg5 Rxg5 32. Kd2 h6 33.
Ne2 Rg8 34. Nf4+ Ke7 35. Ke2 Rg5 36. Kf3 h5 37. e6 a6 38. Rd3 b6 39. Rd7+ Ke8
40. Rh7 Re5 41. Rxh5 1-0

[Event "V Open I Like Elo"]
[Site "Roma ITA"]
[Date "2009.09.16"]
[Round "1"]
[White "De Maria, Isaia"]
[Black "Giraldi, Alberto"]
[Result "1-0"]
[WhiteElo "1899"]
[BlackElo "1512"]
[PlyCount "57"]
[EventDate "2009.09.16"]

1. e4 c5 2. c3 Nc6 3. d4 cxd4 4. cxd4 d6 5. Nc3 g6 6. Nf3 Bg7 7. Bc4 Bg4 8.
Bxf7+ Kxf7 9. Ng5+ Ke8 10. Qxg4 Nxd4 11. O-O Nh6 12. Qd1 Qd7 13. Be3 Ne6 14.
Rc1 Nxg5 15. Bxg5 e6 16. Qb3 a6 17. Rfd1 Rc8 18. Bf4 Nf7 19. Bg3 Ne5 20. f4 Nc4
21. f5 gxf5 22. exf5 e5 23. Nd5 b5 24. Qf3 Rf8 25. f6 Bh8 26. b3 Nb2 27. Nb6
Rxc1 28. Rxc1 Rxf6 29. Qa8+ 1-0

[Event "V Open I Like Elo"]
[Site "Roma ITA"]
[Date "2009.09.16"]
[Round "1"]
[White "Di Mauro, Giuseppe"]
[Black "Barbieri, Massimiliano"]
[Result "1-0"]
[WhiteElo "1953"]
[BlackElo "1612"]
[PlyCount "95"]
[EventDate "2009.09.16"]

1. d4 d5 2. c4 Nf6 3. Nc3 Bf5 4. Nf3 e6 5. Qb3 Be7 6. Qxb7 Nbd7 7. cxd5 exd5 8.
Nxd5 Nxd5 9. Qxd5 Be6 10. Qc6 O-O 11. e4 Nf6 12. Bd3 Bb4+ 13. Bd2 Bxd2+ 14.
Kxd2 Rb8 15. Qc2 c6 16. h3 Qa5+ 17. Ke3 Rfe8 18. Ne5 Qb6 19. Qxc6 Qxc6 20. Nxc6
Rxb2 21. Rab1 Rxb1 22. Rxb1 Bxa2 23. Ra1 Bd5 24. Ne5 Bxe4 25. Bxe4 Nxe4 26.
Kxe4 f6 27. f4 Re7 28. Kd5 fxe5 29. fxe5 Kf7 30. Rf1+ Ke8 31. e6 a5 32. Rb1 Ra7
33. Rb8+ Ke7 34. Rg8 Kf6 35. Rf8+ Kg5 36. g3 Kg6 37. Ke5 a4 38. d5 a3 39. Rf1
a2 40. Ra1 Ra3 41. d6 Ra5+ 42. Ke4 Kf6 43. e7 Re5+ 44. Kd4 Re2 45. Rxa2 Rxa2
46. e8=Q Rd2+ 47. Kc5 Rc2+ 48. Kb4 1-0

[Event "V Open I Like Elo"]
[Site "Roma ITA"]
[Date "2009.09.16"]
[Round "1"]
[White "Foschini, Andrea"]
[Black "Pipitone, Filippo Massimo"]
[Result "1-0"]
[WhiteElo "1825"]
[BlackElo "1465"]
[PlyCount "99"]
[EventDate "2009.09.16"]

1. e4 c5 2. Nf3 e6 3. d4 cxd4 4. Nxd4 Nc6 5. Nc3 Qc7 6. g3 a6 7. Bg2 Nf6 8. O-O
Be7 9. Be3 O-O 10. f4 d6 11. Nb3 Rb8 12. Qd3 b5 13. Rae1 Bb7 14. a3 Rbd8 15.
Qe2 Qb8 16. g4 b4 17. axb4 Nxb4 18. g5 Nd7 19. Na5 Ba8 20. f5 exf5 21. exf5
Bxg5 22. Bxg5 Qb6+ 23. Qf2 Qxa5 24. Bxd8 Rxd8 25. Bxa8 Rxa8 26. Qg2 Qc5+ 27.
Kh1 Rb8 28. f6 g6 29. Qf2 Qc6+ 30. Kg1 Ne5 31. Qf4 Qb6+ 32. Kh1 Kf8 33. Qh6+
Ke8 34. Qxh7 Nxc2 35. Rxe5+ dxe5 36. Qg8+ Kd7 37. Qxf7+ Kc8 38. Qe8+ Kb7 39.
Qxe5 Ne3 40. Re1 Nf5 41. f7 Rf8 42. Qe8 Qd6 43. Re6 Qc5 44. Qd7+ Qc7 45. Qd5+
Ka7 46. Rxg6 Qxf7 47. Qc5+ Ka8 48. Rxa6+ Kb8 49. Rb6+ Ka8 50. Qc6+ 1-0

[Event "V Open I Like Elo"]
[Site "Roma ITA"]
[Date "2009.09.16"]
[Round "1"]
[White "Maggi, Fabrizio"]
[Black "Di Dario, Dario"]
[Result "1/2-1/2"]
[WhiteElo "2104"]
[BlackElo "1713"]
[PlyCount "138"]
[EventDate "2009.09.16"]

1. c4 f5 2. d4 Nf6 3. Nc3 e6 4. Nf3 Bb4 5. Bf4 O-O 6. e3 b6 7. Bd3 Bb7 8. Qc2
Bxc3+ 9. Qxc3 Ne4 10. Qc2 d6 11. h4 h6 12. h5 Nd7 13. Nh4 e5 14. dxe5 dxe5 15.
Bg3 Nxg3 16. fxg3 e4 17. Be2 Qg5 18. Ng6 Qxg3+ 19. Kf1 Rfe8 20. Rh3 Qd6 21. Rd1
Qc6 22. c5 Nxc5 23. Rg3 Qf6 24. Qc4+ Kh7 25. b4 Ne6 26. Nf4 Nxf4 27. exf4 Re7
28. Qd4 Qxd4 29. Rxd4 Bc6 30. b5 Be8 31. Rd5 g6 32. Kf2 Bf7 33. hxg6+ Bxg6 34.
Ke3 Rf8 35. Bc4 Rf6 36. Rd8 Rd6 37. Rxd6 cxd6 38. Bd5 Bf7 39. Bxf7 Rxf7 40. Kd4
Rg7 41. Ra3 Re7 42. Re3 Kg7 43. Kd5 Rc7 44. Kxd6 Rc5 45. Ra3 Kf6 46. Rh3 Kg6
47. a4 Rc4 48. Rg3+ Kf6 49. Rh3 Kg6 50. Ke5 Rxa4 51. Rg3+ Kf7 52. Kxf5 Rb4 53.
Rc3 Rxb5+ 54. Kxe4 Rc5 55. Rxc5 bxc5 56. Kd5 Kf6 57. g4 Kg6 58. Ke6 c4 59. f5+
Kg5 60. f6 c3 61. f7 c2 62. f8=Q c1=Q 63. Qg7+ Kh4 64. Qxa7 Qe1+ 65. Kf6 Qc3+
66. Kg6 Qc6+ 67. Kg7 Kxg4 68. Qd4+ Kg3 69. Qg1+ Qg2 1/2-1/2

[Event "V Open I Like Elo"]
[Site "Roma ITA"]
[Date "2009.09.16"]
[Round "1"]
[White "Marcon, Marco"]
[Black "Di Tucci, Benedetto"]
[Result "0-1"]
[WhiteElo "1449"]
[BlackElo "1810"]
[PlyCount "90"]
[EventDate "2009.09.16"]

1. d4 f5 2. c4 Nf6 3. Nf3 e6 4. g3 c6 5. Bg2 d5 6. cxd5 exd5 7. O-O Bd6 8. Qc2
O-O 9. Bg5 Be6 10. Ne5 Qc7 11. Bxf6 Rxf6 12. f4 Nd7 13. Nd2 Rh6 14. Ndf3 Nxe5
15. fxe5 Be7 16. h4 Rf8 17. e3 Rg6 18. Kh2 Rc8 19. Bh3 Qd7 20. Qd3 c5 21. Ng1
cxd4 22. exd4 Rf8 23. Ne2 Rh6 24. Nf4 g6 25. Qe3 Kg7 26. Qb3 b6 27. Bg2 Rd8 28.
Nxe6+ Qxe6 29. Bh3 Rf8 30. Rac1 Qd7 31. Rc3 Bd8 32. Rfc1 g5 33. hxg5 Rg6 34.
Bg2 Rxg5 35. Qxd5 Qe8 36. Bh3 f4 37. Qd7+ Qxd7 38. Bxd7 fxg3+ 39. Kg1 h5 40.
Bh3 h4 41. Re3 Rf2 42. Rf1 Rh2 43. Rf5 Rxh3 44. Rxg5+ Bxg5 45. Rf3 Rh2 0-1

[Event "V Open I Like Elo"]
[Site "Roma ITA"]
[Date "2009.09.16"]
[Round "1"]
[White "Mazza, Maurizio"]
[Black "Simeone, Giulio"]
[Result "0-1"]
[WhiteElo "1677"]
[BlackElo "1979"]
[PlyCount "70"]
[EventDate "2009.09.16"]

1. e4 c6 2. d4 d5 3. Nc3 dxe4 4. Nxe4 Nf6 5. Nxf6+ exf6 6. Nf3 Bd6 7. Bd3 O-O
8. O-O Bg4 9. Re1 Qc7 10. h3 Bh5 11. Re4 Nd7 12. Rh4 Bg6 13. Be3 Rfe8 14. Qd2
c5 15. c3 Re7 16. Rd1 Rae8 17. dxc5 Bxc5 18. Bxc5 Nxc5 19. Bxg6 hxg6 20. Rc4
Qb6 21. Re1 Ne4 22. Qc2 Ng3 23. Rxe7 Rxe7 24. Rc8+ Kh7 25. Kh2 Re2 26. Qa4 Qxf2
27. Qh4+ Nh5 28. Qxf2 Rxf2 29. b3 Rxa2 30. Rc7 b6 31. Rxf7 Nf4 32. Nh4 g5 33.
Nf5 Kg6 34. Nd6 Rxg2+ 35. Kh1 Rd2 0-1

[Event "V Open I Like Elo"]
[Site "Roma ITA"]
[Date "2009.09.16"]
[Round "1"]
[White "Napoli, Nicolo'"]
[Black "Sternini, Cristiano"]
[Result "1-0"]
[WhiteElo "2371"]
[BlackElo "1745"]
[PlyCount "65"]
[EventDate "2009.09.16"]

1. d4 d5 2. Bg5 c6 3. Nc3 Bf5 4. f3 Nf6 5. e4 dxe4 6. Bxf6 exf6 7. fxe4 Bg6 8.
Nf3 Bb4 9. Bd3 Qa5 10. O-O O-O 11. Ne2 Re8 12. Ng3 Nd7 13. Nh4 Nf8 14. Nhf5 Ne6
15. c3 Be7 16. h4 h6 17. Qg4 Kh8 18. Bc4 Bf8 19. Rae1 b5 20. Bb3 Qb6 21. Kh1 a5
22. e5 a4 23. Bc2 fxe5 24. dxe5 Ra7 25. Nd6 Bxc2 26. Nxe8 Qd8 27. Qxe6 Re7 28.
Qg4 Qxe8 29. Rf2 Bd3 30. e6 Bc4 31. Nf5 Bxe6 32. Nxe7 Bxg4 33. Ng6+ 1-0

[Event "V Open I Like Elo"]
[Site "Roma ITA"]
[Date "2009.09.16"]
[Round "1"]
[White "Pala, Giorgio"]
[Black "Di Giorgio, Daniele"]
[Result "1/2-1/2"]
[WhiteElo "1982"]
[BlackElo "1678"]
[PlyCount "44"]
[EventDate "2009.09.16"]

1. e4 c5 2. Nf3 e6 3. d4 cxd4 4. Nxd4 a6 5. Bd3 Bc5 6. Nb3 Be7 7. O-O d6 8. Be3
Nf6 9. c4 Qc7 10. Nc3 Nbd7 11. f4 b6 12. Qe2 Bb7 13. Rac1 O-O 14. Bd4 Nc5 15.
e5 Nfd7 16. exd6 Qxd6 17. Bxh7+ Kxh7 18. Qh5+ Kg8 19. Bxg7 Kxg7 20. Qg4+ Kh7
21. Qh3+ Kg7 22. Qg3+ Kh7 1/2-1/2

[Event "V Open I Like Elo"]
[Site "Roma ITA"]
[Date "2009.09.16"]
[Round "1"]
[White "Palama', Pierpaolo"]
[Black "Vannelli, Vittorio"]
[Result "0-1"]
[WhiteElo "1509"]
[BlackElo "1850"]
[PlyCount "102"]
[EventDate "2009.09.16"]

1. e4 e5 2. Nf3 Nf6 3. Nxe5 d6 4. Nf3 Nxe4 5. d4 Be7 6. Bd3 Nf6 7. O-O Bg4 8.
Bg5 Nc6 9. c3 O-O 10. Nbd2 d5 11. Qc2 h6 12. Bh4 Nh5 13. Bg3 Nxg3 14. fxg3 Bd6
15. Rae1 Qd7 16. Nh4 Rae8 17. Ndf3 Rxe1 18. Rxe1 Re8 19. h3 Bxf3 20. Bh7+ Kh8
21. Rf1 Re2 22. Qd3 Be4 23. Qxe2 Kxh7 24. Qh5 g6 25. Qe2 Bxg3 26. Nf3 f5 27. b4
Qe7 28. Qe3 g5 29. c4 Bf4 30. Qc3 Nxb4 31. a3 Nc2 32. c5 Ne3 33. Re1 g4 34.
Rxe3 Bxe3+ 35. Qxe3 gxf3 36. gxf3 Qh4 37. fxe4 Qxe4 38. Kf2 c6 39. a4 Qh4+ 40.
Ke2 Qe4 41. Kf2 Qc2+ 42. Kf3 Qe4+ 43. Kf2 Qxe3+ 44. Kxe3 Kg6 45. Kf4 h5 46. h4
b6 47. Ke3 bxc5 48. dxc5 a5 49. Kf4 Kf6 50. Kf3 Ke5 51. Ke3 d4+ 0-1

[Event "V Open I Like Elo"]
[Site "Roma ITA"]
[Date "2009.09.16"]
[Round "1"]
[White "Sellitto, Pietro"]
[Black "Scagliarini, Bruno"]
[Result "0-1"]
[WhiteElo "1524"]
[BlackElo "1914"]
[PlyCount "56"]
[EventDate "2009.09.16"]

1. d4 e6 2. e4 d5 3. e5 c5 4. Nf3 Nc6 5. Bb5 Bd7 6. Bxc6 bxc6 7. O-O cxd4 8.
Nxd4 c5 9. Nf3 Ne7 10. Bg5 Qb6 11. b3 Ng6 12. c4 d4 13. Nbd2 Bc6 14. Rb1 a5 15.
Re1 Qb7 16. Qc2 h6 17. Bh4 Nf4 18. Ne4 d3 19. Qd2 Ne2+ 20. Rxe2 dxe2 21. Qxe2
Bxe4 22. Rd1 Bxf3 23. gxf3 Be7 24. Bg3 O-O 25. f4 Rfd8 26. Rc1 Qd7 27. Qh5 Qd3
28. Bh4 Qh3 0-1

[Event "V Open I Like Elo"]
[Site "Roma ITA"]
[Date "2009.09.16"]
[Round "1"]
[White "Sermoneta, Eugenio"]
[Black "Amato, Paolo"]
[Result "1-0"]
[WhiteElo "1748"]
[BlackElo "1314"]
[PlyCount "69"]
[EventDate "2009.09.16"]

1. c4 c5 2. Nc3 e6 3. Nf3 Nc6 4. g3 Be7 5. Bg2 Nf6 6. O-O O-O 7. d4 Qc7 8. Bf4
Qd8 9. d5 exd5 10. cxd5 Qb6 11. dxc6 bxc6 12. Na4 Qa5 13. b3 h6 14. Rc1 d6 15.
Qc2 Nd5 16. Bd2 Qb5 17. Nc3 Qa6 18. Nxd5 cxd5 19. h3 Qxe2 20. Rfe1 Qxe1+ 21.
Rxe1 Bf6 22. b4 c4 23. Bc3 Bd8 24. Nd4 Bd7 25. Bxd5 Rc8 26. Nf5 Bxf5 27. Qxf5
Kh8 28. Qxc8 Be7 29. Qg4 Bf6 30. Bxf6 gxf6 31. Re7 Rg8 32. Qh4 Rg6 33. Bxf7 Rg7
34. Qxh6+ Rh7 35. Re8# 1-0

[Event "V Open I Like Elo"]
[Site "Roma ITA"]
[Date "2009.09.16"]
[Round "1"]
[White "Testa, Adriano"]
[Black "Marini, Riccardo"]
[Result "1-0"]
[WhiteElo "2160"]
[BlackElo "1727"]
[PlyCount "59"]
[EventDate "2009.09.16"]

1. e4 c5 2. Nf3 Nc6 3. Bb5 g6 4. Bxc6 dxc6 5. d3 Bg7 6. h3 e5 7. Nc3 Qe7 8. Be3
Nf6 9. Qd2 Nd7 10. g4 Nf8 11. Ne2 Ne6 12. c3 b6 13. Nh2 Ba6 14. Qc2 Rd8 15. c4
O-O 16. h4 Rd7 17. h5 Rfd8 18. Rd1 b5 19. b3 b4 20. Nf3 Bc8 21. Ng3 Nf4 22.
Bxf4 exf4 23. Ne2 Qd6 24. Qc1 Qe6 25. hxg6 hxg6 26. Nxf4 Qxg4 27. Ke2 Rxd3 28.
Rxd3 Rxd3 29. Nxd3 Qxe4+ 30. Qe3 1-0

[Event "V Open I Like Elo"]
[Site "Roma ITA"]
[Date "2009.09.16"]
[Round "1"]
[White "Tirri, Valerio"]
[Black "Giuliani, Sante"]
[Result "1/2-1/2"]
[WhiteElo "1694"]
[BlackElo "1988"]
[PlyCount "69"]
[EventDate "2009.09.16"]

1. e4 d5 2. exd5 Qxd5 3. Nc3 Qa5 4. d4 Nf6 5. Bc4 Bf5 6. Bd2 c6 7. Nf3 e6 8.
O-O Qc7 9. Ne5 Nbd7 10. f4 Be7 11. Ne2 Ne4 12. Bd3 Ndf6 13. Be1 O-O 14. Bh4
Rad8 15. c3 Nd5 16. Bf2 f6 17. Bxe4 Bxe4 18. Nd3 Bxd3 19. Qxd3 Nxf4 20. Nxf4
Qxf4 21. Bg3 Qg5 22. Rae1 Qd5 23. b3 c5 24. Qe3 cxd4 25. Qxe6+ Qxe6 26. Rxe6
Bc5 27. Bf2 Kf7 28. Rfe1 Rfe8 29. Rxe8 Rxe8 30. Rxe8 Kxe8 31. Bxd4 Bxd4+ 32.
cxd4 Kd7 33. Kf2 Kd6 34. Ke3 Kd5 35. g4 1/2-1/2

[Event "V Open I Like Elo"]
[Site "Roma ITA"]
[Date "2009.09.16"]
[Round "1"]
[White "Vanzan, Alessandro"]
[Black "Mammana, Angelo"]
[Result "1-0"]
[WhiteElo "1775"]
[BlackElo "1440"]
[PlyCount "67"]
[EventDate "2009.09.16"]

1. c4 Nf6 2. Nc3 d6 3. Nf3 Nbd7 4. g3 e5 5. d3 Be7 6. Bg2 c6 7. O-O Qc7 8. Bd2
O-O 9. Rc1 a6 10. b4 b5 11. cxb5 axb5 12. Nxb5 Qb6 13. Nc3 d5 14. b5 cxb5 15.
Ng5 Bb7 16. Qb3 Ra3 17. Qxb5 Qxb5 18. Nxb5 Rxa2 19. Rfd1 Nc5 20. Rb1 Rc8 21.
Nc3 Rc2 22. Rb5 Ba6 23. Ra5 Bxd3 24. exd3 Nb3 25. Nxd5 Nxd5 26. Rxd5 Rxd2 27.
Rxd2 Nxd2 28. h4 f6 29. Rd7 Bc5 30. Bd5+ Kf8 31. Nxh7+ Ke8 32. Rxg7 Be7 33.
Rg8+ Kd7 34. Be6+ 1-0

[Event "V Open I Like Elo"]
[Site "Roma ITA"]
[Date "2009.09.16"]
[Round "1"]
[White "Zacchia, Marco"]
[Black "Migliozzi, Giuseppe"]
[Result "0-1"]
[WhiteElo "1433"]
[BlackElo "1762"]
[PlyCount "68"]
[EventDate "2009.09.16"]

1. d4 Nf6 2. Nf3 d5 3. g3 e6 4. Bg2 Nbd7 5. a3 c5 6. c3 Be7 7. O-O O-O 8. Nbd2
cxd4 9. cxd4 b6 10. b4 Bb7 11. Bb2 Rc8 12. Rc1 Ne8 13. Rxc8 Qxc8 14. Qb1 Nd6
15. Rc1 Qb8 16. e3 Rc8 17. Bf1 h6 18. h4 b5 19. g4 a6 20. g5 Rxc1 21. Qxc1 hxg5
22. Nxg5 Nf6 23. Qc5 Nfe4 24. Ndxe4 dxe4 25. Qe5 Qc8 26. Qc5 Qxc5 27. dxc5 Nf5
28. Bg2 Bxg5 29. hxg5 Kh7 30. Be5 Kg6 31. Bf4 Ne7 32. Kf1 Kh5 33. Bd6 Nc8 34.
f4 exf3 0-1

[Event "V Open I Like Elo"]
[Site "Roma ITA"]
[Date "2009.09.23"]
[Round "2"]
[White "Barbieri, Massimiliano"]
[Black "Marcon, Marco"]
[Result "1-0"]
[WhiteElo "1612"]
[BlackElo "1449"]
[PlyCount "63"]
[EventDate "2009.09.16"]

1. e4 g6 2. d4 Bg7 3. Nf3 d6 4. Nc3 Nd7 5. Bc4 e6 6. O-O Ne7 7. Re1 O-O 8. Bg5
Nb6 9. Be2 h6 10. Bf4 f5 11. e5 g5 12. exd6 cxd6 13. Bd2 Ng6 14. h3 a6 15. b3
Bd7 16. Na4 Nxa4 17. bxa4 Bxa4 18. Bc4 d5 19. Bd3 Qd6 20. Rb1 b5 21. Bb4 Qc6
22. Bxf8 Rxf8 23. Re3 Re8 24. Qd2 g4 25. hxg4 Nf4 26. gxf5 Nxd3 27. cxd3 exf5
28. Rxe8+ Qxe8 29. Re1 Qc6 30. Qe3 b4 31. Ne5 Bb5 32. Nxc6 1-0

[Event "V Open I Like Elo"]
[Site "Roma ITA"]
[Date "2009.09.23"]
[Round "2"]
[White "Bartoloni, Mario"]
[Black "Zacchia, Marco"]
[Result "0-1"]
[WhiteElo "1548"]
[BlackElo "1433"]
[PlyCount "94"]
[EventDate "2009.09.16"]

1. e4 d5 2. e5 Bf5 3. d4 e6 4. Nf3 c5 5. b3 Nc6 6. Bb5 Nge7 7. O-O a6 8. Be2
cxd4 9. Nh4 Bg6 10. Bf4 Nf5 11. Nxg6 hxg6 12. g3 Be7 13. Bg4 Bg5 14. Qd2 Bh6
15. Qc1 Nxe5 16. Re1 Nxg4 17. h3 Bxf4 18. Qxf4 Nf6 19. h4 Qd6 20. Qf3 Ne4 21.
Rxe4 dxe4 22. Qxe4 Qc6 23. Qxc6+ bxc6 24. Nd2 Nd6 25. Re1 Kd7 26. Nf3 Rh5 27.
Ne5+ Rxe5 28. Rxe5 Rb8 29. Ra5 Rb6 30. Kg2 f6 31. h5 Nb7 32. Ra4 e5 33. f4 gxh5
34. Kf3 e4+ 35. Ke2 c5 36. a3 Nd6 37. b4 cxb4 38. axb4 Nb5 39. Ra1 Ke6 40. Rh1
g6 41. Ra1 Kf5 42. Kf2 Kg4 43. Rh1 g5 44. Ra1 Rc6 45. Rc1 Na3 46. c3 Rxc3 47.
Rxc3 dxc3 0-1

[Event "V Open I Like Elo"]
[Site "Roma ITA"]
[Date "2009.09.23"]
[Round "2"]
[White "Castillo, Juan"]
[Black "De Maria, Isaia"]
[Result "1/2-1/2"]
[WhiteElo "1724"]
[BlackElo "1899"]
[PlyCount "109"]
[EventDate "2009.09.16"]

1. b3 e5 2. Bb2 Nc6 3. e3 Nf6 4. Nf3 d6 5. h3 g6 6. Bb5 Bd7 7. d3 Bg7 8. Nbd2
Qe7 9. Bxc6 Bxc6 10. Qe2 Nd7 11. O-O-O f5 12. Kb1 O-O-O 13. Rhg1 Nf6 14. Nc4
Bxf3 15. gxf3 Nd5 16. Qe1 Nb6 17. Qb4 Nxc4 18. Qxc4 Rhe8 19. f4 exf4 20. Qxf4
Bxb2 21. Kxb2 Qe5+ 22. Qxe5 dxe5 23. h4 Rg8 24. Rg2 Kd7 25. Rdg1 Ke6 26. Kc3
Kf6 27. f3 Rg7 28. Kc4 Rdg8 29. Rh1 h6 30. a4 g5 31. hxg5+ hxg5 32. Rh6+ Rg6
33. Rh1 g4 34. fxg4 Rxg4+ 35. Rxg4 fxg4 36. Kd5 g3 37. Rf1+ Kg5 38. Kxe5 g2 39.
Rg1 Kh4 40. Kf6 Kh3 41. e4 Kh2 42. Rxg2+ Kxg2 43. e5 Kf2 44. e6 Ke2 45. Kf7 Rh8
46. e7 Kd2 47. e8=Q Rxe8 48. Kxe8 Kxc2 49. Kd7 c5 50. Kd6 b6 51. a5 Kxd3 52.
axb6 axb6 53. Kc6 Kc3 54. Kxb6 Kxb3 55. Kxc5 1/2-1/2

[Event "V Open I Like Elo"]
[Site "Roma ITA"]
[Date "2009.09.23"]
[Round "2"]
[White "Colantonio, Marco"]
[Black "Maggi, Fabrizio"]
[Result "0-1"]
[WhiteElo "1679"]
[BlackElo "2104"]
[PlyCount "76"]
[EventDate "2009.09.16"]

1. e4 e6 2. d4 d5 3. Nc3 Bb4 4. a3 Bxc3+ 5. bxc3 dxe4 6. Qg4 Nf6 7. Qxg7 Rg8 8.
Qh6 Nbd7 9. Ne2 b6 10. Ng3 Bb7 11. Bb2 Qe7 12. O-O-O Ng4 13. Qd2 f5 14. Bc4
O-O-O 15. d5 Nde5 16. Bb3 Bxd5 17. Bxd5 Rxd5 18. Nxf5 Qf6 19. Nd4 c5 20. h3 Nc4
21. Qe2 Nge5 22. Nc6 Qg5+ 23. Kb1 Nxc6 24. Qxc4 Rgd8 25. Rxd5 exd5 26. Qa6+ Kb8
27. Bc1 Qxg2 28. Bf4+ Ka8 29. Rh2 Qg7 30. Qb5 Kb7 31. Qb2 Rf8 32. Qc1 Rg8 33.
Rh1 Qxc3 34. Bg3 e3 35. Re1 d4 36. Bh4 Rg2 37. fxe3 d3 38. cxd3 Qb3+ 0-1

[Event "V Open I Like Elo"]
[Site "Roma ITA"]
[Date "2009.09.23"]
[Round "2"]
[White "Di Giorgio, Daniele"]
[Black "Ruotolo, Claudio"]
[Result "1/2-1/2"]
[WhiteElo "1678"]
[BlackElo "1806"]
[PlyCount "72"]
[EventDate "2009.09.16"]

1. e4 e5 2. f4 Nc6 3. Nf3 f5 4. exf5 e4 5. Ng5 Nf6 6. d3 exd3 7. Bxd3 Bc5 8.
Qe2+ Qe7 9. Bd2 Qxe2+ 10. Bxe2 h6 11. Nf3 d6 12. Bd3 O-O 13. Nc3 Re8+ 14. Ne2
Ng4 15. Rf1 Ne3 16. Bxe3 Bxe3 17. g3 Nb4 18. Nh4 Nxd3+ 19. cxd3 Bd7 20. Kd1
Ba4+ 21. b3 Bb5 22. Kc2 Bc6 23. Nc3 Bd4 24. Rae1 Bxc3 25. Kxc3 Kf7 26. Kd2 a5
27. Rxe8 Rxe8 28. Re1 Rxe1 29. Kxe1 Bd5 30. Kd2 c5 31. Kc3 b5 32. h3 b4+ 33.
Kb2 Kf6 34. g4 Bh1 35. Kc2 Bc6 36. Kd2 Bd5 1/2-1/2

[Event "V Open I Like Elo"]
[Site "Roma ITA"]
[Date "2009.09.23"]
[Round "2"]
[White "Di Tucci, Benedetto"]
[Black "Testa, Adriano"]
[Result "0-1"]
[WhiteElo "1810"]
[BlackElo "2160"]
[PlyCount "48"]
[EventDate "2009.09.16"]

1. d4 d5 2. c4 e6 3. Nc3 c6 4. cxd5 exd5 5. Qc2 Bd6 6. Nf3 Ne7 7. e3 Bf5 8. Bd3
Bxd3 9. Qxd3 Nd7 10. e4 dxe4 11. Nxe4 Bb4+ 12. Bd2 Bxd2+ 13. Qxd2 O-O 14. O-O
Nd5 15. Rfe1 Qc7 16. Rac1 Rad8 17. b4 Qf4 18. Qb2 Rfe8 19. Nc5 Nxc5 20. bxc5
Qc7 21. Ne5 Nf4 22. Qd2 Rxe5 23. Rxe5 Qxe5 24. dxe5 Rxd2 0-1

[Event "V Open I Like Elo"]
[Site "Roma ITA"]
[Date "2009.09.23"]
[Round "2"]
[White "Giraldi, Alberto"]
[Black "Sellitto, Pietro"]
[Result "1/2-1/2"]
[WhiteElo "1512"]
[BlackElo "1524"]
[PlyCount "63"]
[EventDate "2009.09.16"]

1. d4 g6 2. c4 Bg7 3. Nc3 d6 4. e3 Nc6 5. Nf3 Bg4 6. Be2 e6 7. O-O Qd7 8. d5
Ne5 9. Nxe5 Bxe2 10. Nxd7 Bxd1 11. Rxd1 Kxd7 12. Bd2 Re8 13. Rab1 Nf6 14. e4
exd5 15. exd5 Ne4 16. Nxe4 Rxe4 17. b3 Rhe8 18. Be3 b6 19. g3 f5 20. Rd3 h5 21.
a4 h4 22. gxh4 Rxh4 23. Bg5 Rg4+ 24. Rg3 Ree4 25. f3 Rxg3+ 26. hxg3 Re2 27. Kf1
Rc2 28. Re1 Kc8 29. Re8+ Kb7 30. Re6 Bd4 31. Be3 Bxe3 32. Rxe3 1/2-1/2

[Event "V Open I Like Elo"]
[Site "Roma ITA"]
[Date "2009.09.23"]
[Round "2"]
[White "Giuliani, Sante"]
[Black "Tognotti, Andrea"]
[Result "1-0"]
[WhiteElo "1988"]
[BlackElo "1616"]
[PlyCount "51"]
[EventDate "2009.09.16"]

1. Nf3 Nf6 2. g3 Nc6 3. Bg2 d5 4. d3 e5 5. Nbd2 Bc5 6. O-O O-O 7. e4 Re8 8. c3
Bg4 9. Qc2 Qd7 10. b4 Bd6 11. Nb3 Rac8 12. Bg5 dxe4 13. dxe4 Nh5 14. Rad1 Qe6
15. Be3 Ne7 16. a3 f5 17. exf5 Nxf5 18. Bc5 e4 19. Rde1 Qh6 20. Rxe4 Nf6 21.
Rxg4 Bxc5 22. Qxf5 Nxg4 23. Nxc5 Ne3 24. fxe3 Qxe3+ 25. Kh1 Rf8 26. Qe6+ 1-0